000 00688nam a2200277Ia 4500
005 20260324141831.0
008 008 260324s9999 xx 000 0 eng d
020 _a9780203988589
037 _aEBOOK
040 _aCRL
040 _beng
040 _cCRL
041 _2eng
041 _aeng
084 _qCRL
100 _aKlárá Fóti; Laurids Lauridsen; Gerry Rodgers
_91209697
245 4 _aThe Institutional Approach to Labour and Development
260 _bTaylor and Francis
260 _c1996
365 _a
365 _b300
856 _uhttp://www.taylorfrancis.com/books/9780203988589
942 _cEBOOK
999 _c1813187
_d1813187